[Event "Foxwoods op 08th"]
[Site "Ledyard"]
[Date "2006.04.16"]
[Round "8"]
[White "Friedel, Joshua E"]
[Black "Zlotnikov, Mikhail"]
[Result "1-0"]
[WhiteElo "2455"]
[BlackElo "2364"]
[PlyCount "78"]
[EventDate "2006.04.12"]
[EventType "swiss"]
[EventRounds "9"]
[EventCountry "USA"]
[SourceTitle "CBM 111 Extra"]
[Source "ChessBase"]
[SourceDate "2006.05.09"]
[SourceVersion "1"]
[SourceVersionDate "2006.05.09"]
[SourceQuality "1"]

1. e4 g6 2. d4 Bg7 3. Nc3 c6 4. Bc4 d6 5. Qf3 e6 6. Nge2 Nd7 7. Bb3 Ngf6 8. 0-0 0-0 9. Bg5 e5 10. Rad1 Qe7 11. Qg3 exd4 12. Nxd4 Re8 13. Rfe1 Qf8 14. f3 Nc5 15. Nde2 Nxb3 16. axb3 d5 17. Bxf6 Bxf6 18. exd5 Bf5 19. Rd2 Qh6 20. Red1 Bg5 21. f4 Bf6 22. Qf3 Qf8 23. d6 h5 24. h3 h4 25. Qf2 Red8 26. Na4 b6 27. b4 Rd7 28. c4 Be6 29. c5 Rad8 30. Nac3 bxc5 31. Ne4 Bg7 32. bxc5 Bf5 33. Ng5 Qe8 34. Nd4 Bxd4 35. Rxd4 f6 36. Re1 Qf8 37. Nf3 Re8 38. Nxh4 Rh7 39. Nxf5 gxf5 1-0

[Event "Minneapolis HB Global op"]
[Site "Minneapolis"]
[Date "2005.05.19"]
[Round "2"]
[White "Zlotnikov, Mikhail"]
[Black "Becerra Rivero, Julio"]
[Result "0-1"]
[WhiteElo "2346"]
[BlackElo "2552"]
[PlyCount "90"]
[EventDate "2005.05.18"]
[EventType "swiss"]
[EventRounds "9"]
[EventCountry "USA"]
[SourceTitle "CBM 107"]
[Source "ChessBase"]
[SourceDate "2005.08.01"]
[SourceVersion "1"]
[SourceVersionDate "2005.08.01"]
[SourceQuality "1"]

1. c4 c6 2. Nf3 d5 3. e3 Nf6 4. Nc3 a6 5. d4 b5 6. cxd5 cxd5 7. Be2 Bg4 8. Ne5 Bxe2 9. Nxe2 Nbd7 10. 0-0 e6 11. f4 Bd6 12. a4 0-0 13. Bd2 Qb6 14. Qb3 Qb7 15. axb5 axb5 16. Bb4 Ne4 17. Nd3 h6 18. Rfc1 Rxa1 19. Rxa1 Rc8 20. Bxd6 Nxd6 21. Nc3 Rb8 22. Qb4 Nf5 23. Nd1 h5 24. Ra5 Qc7 25. Rxb5 Ra8 26. Qb3 Ra1 27. Kf2 Nf6 28. Ke2 Ng4 29. Rc5 Qa7 30. Qb4 Nxh2 31. Rc1 Rxc1 32. Nxc1 Qa6+ 33. Nd3 Ng3+ 34. Kd2 Nhf1+ 35. Kc3 Nf5 36. Qb8+ Kh7 37. Qc7 f6 38. b3 Nd6 39. Kc2 Nf5 40. Kc3 Qa1+ 41. N1b2 N1xe3 42. Qb6 Nd1+ 43. Kc2 Nxb2 44. Nxb2 Qg1 45. Na4 Qxg2+ 0-1

[Event "Foxwoods op 07th"]
[Site "Mashantucket"]
[Date "2005.03.26"]
[Round "6"]
[White "Zlotnikov, Mikhail"]
[Black "Akobian, Varuzhan"]
[Result "1/2-1/2"]
[WhiteElo "2346"]
[BlackElo "2571"]
[PlyCount "35"]
[EventDate "2005.03.23"]
[EventType "swiss"]
[EventRounds "9"]
[EventCountry "USA"]
[SourceTitle "CBM 105 Extra"]
[Source "ChessBase"]
[SourceDate "2005.05.01"]
[SourceVersion "1"]
[SourceVersionDate "2005.05.01"]
[SourceQuality "1"]

1. c4 e6 2. Nf3 Nf6 3. g3 d5 4. b3 c5 5. Bg2 Nc6 6. cxd5 exd5 7. 0-0 Be7 8. Bb2 0-0 9. d4 Bg4 10. dxc5 Bxc5 11. Nc3 a6 12. Rc1 Ba7 13. Qd2 d4 14. Na4 Qd6 15. Rfd1 Rad8 16. h3 Bh5 17. g4 Ne4 18. Qd3 1/2-1/2

[Event "Foxwoods op 07th"]
[Site "Mashantucket"]
[Date "2005.03.25"]
[Round "5"]
[White "Gonzalez, Renier"]
[Black "Zlotnikov, Mikhail"]
[Result "1/2-1/2"]
[WhiteElo "2445"]
[BlackElo "2346"]
[PlyCount "77"]
[EventDate "2005.03.23"]
[EventType "swiss"]
[EventRounds "9"]
[EventCountry "USA"]
[SourceTitle "CBM 105 Extra"]
[Source "ChessBase"]
[SourceDate "2005.05.01"]
[SourceVersion "1"]
[SourceVersionDate "2005.05.01"]
[SourceQuality "1"]

1. e4 g6 2. d4 Bg7 3. Nc3 c6 4. Bc4 d6 5. Qf3 e6 6. Nge2 Nd7 7. Bb3 Ngf6 8. Be3 0-0 9. a4 e5 10. 0-0 exd4 11. Bxd4 Ne5 12. Qg3 Qe7 13. Nf4 Nfd7 14. Rad1 Nc5 15. Ba2 a5 16. h4 Kh8 17. Rfe1 Bd7 18. Nh3 Be6 19. f4 Bxa2 20. Nxa2 Ned7 21. Bxg7+ Kxg7 22. Nc3 Rad8 23. h5 Rfe8 24. f5 Ne5 25. Nf4 Kh8 26. hxg6 fxg6 27. Qh3 Rg8 28. Rf1 Rdf8 29. Nxg6+ Nxg6 30. fxg6 Rxg6 31. Rxf8+ Qxf8 32. Rf1 Rf6 33. Rxf6 Qxf6 34. Qc8+ Kg7 35. Qc7+ Kg6 36. Qxa5 Qd4+ 37. Kh1 Nxe4 38. Nxe4 Qxe4 39. Qc7 1/2-1/2